| 000 | 00781cam a22002413a 4500 | ||
|---|---|---|---|
| 001 | 29480 | ||
| 003 | PGUSA | ||
| 005 | 20140828083634.0 | ||
| 008 | 090721s2009||||xxu|||||s|||||000 | eng d | ||
| 040 |
_aPGUSA _beng |
||
| 042 | _adc | ||
| 050 | 4 | _aBV | |
| 245 | 1 | 0 |
_aHymns from the Morningland : _bBeing Translations, Centos and Suggestions from the Service Books of the Holy Eastern Church _h[electronic resource] |
| 260 |
_bProject Gutenberg, _c2009 |
||
| 506 | _aPublic domain in the USA. | ||
| 516 | _aElectronic text | ||
| 653 | _aHymns, Greek -- Translations into English | ||
| 653 | _aOrthodox Eastern Church -- Hymns | ||
| 700 | 1 |
_aBrownlie, John, _d1857-1925 |
|
| 830 | 0 |
_aProject Gutenberg _v29480 |
|
| 856 | 4 | 0 | _uhttp://www.gutenberg.org/ebooks/29480 |
| 942 | _cEB | ||
| 999 |
_c258735 _d258735 |
||